| 000 | 00951nam a22002297a 4500 | ||
|---|---|---|---|
| 999 |
_c161800 _d161800 |
||
| 005 | 20190918123741.0 | ||
| 010 | _a1819CHEN B-719789-809 | ||
| 020 |
_a8188585149 _c350.00 |
||
| 035 | _aB-719789-809 | ||
| 035 | _aB-730056 | ||
| 037 |
_bNavyug Sahitya _adpl |
||
| 082 | _a507.8 | ||
| 100 | _aMalhotra, Sapna | ||
| 245 |
_aDaring experiments for young scientists / _cby Sapna Malhotra |
||
| 260 |
_aDelhi _bNavyug Sahitya _c2018 |
||
| 270 |
_a485-A/3, First Floor, Bholanath Nagar, Shahdara _bDelhi _e110032 |
||
| 300 |
_a151p.: _bill. _c22cm(Hb) |
||
| 500 | _aAirport | ||
| 942 |
_2ddc _cCH _mMAL _h507.8 |
||